[Event "Espalion op 3rd"]
[Site "Espalion"]
[Date "2018.07.21"]
[Round "9"]
[White "Garde, Gilles"]
[Black "Callebaut, Katia"]
[Result "0-1"]
[WhiteElo "1384"]
[BlackElo "1253"]
[PlyCount "96"]
[EventDate "2018.07.14"]
[EventType "swiss"]
[EventRounds "9"]
[EventCountry "FRA"]
[SourceTitle "CBM 185 Extra"]
[Source "ChessBase"]
[SourceDate "2018.07.29"]
[SourceVersion "1"]
[SourceVersionDate "2018.07.29"]
[SourceQuality "1"]

1. Nf3 Nc6 2. g3 e6 3. Bg2 d5 4. 0-0 h6 5. b3 Bd6 6. Bb2 f6 7. d3 Nge7 8. Nbd2 Ne5 9. Nxe5 Bxe5 10. d4 Bd6 11. e3 c6 12. c4 h5 13. c5 Bb8 14. Nf3 Nf5 15. h4 Qc7 16. Qe1 g5 17. hxg5 fxg5 18. Ne5 g4 19. Qe2 Rg8 20. Kh2 Qg7 21. Rh1 h4 22. Bf1 Bxe5 23. dxe5 hxg3+ 24. fxg3 Rh8+ 25. Kg2 Rxh1 26. Kf2 Rh2+ 27. Bg2 Qg5 28. Bd4 Bd7 29. e4 Nxd4 30. Qd3 Qxe5 31. Re1 0-0-0 32. exd5 Rf8+ 33. Kg1 Rxg2+ 34. Kxg2 Qxe1 35. Qxd4 Qf1+ 36. Kh2 Rf2+ 37. Qxf2 Qxf2+ 38. Kh1 Qf3+ 39. Kh2 Qxd5 40. a4 Qxc5 41. Kg2 Qc2+ 42. Kh1 e5 43. a5 e4 44. Kg1 e3 45. Kf1 e2+ 46. Ke1 Qd1+ 47. Kf2 e1Q+ 48. Kg2 Qde2# 0-1

[Event "Espalion op 3rd"]
[Site "Espalion"]
[Date "2018.07.18"]
[Round "6"]
[White "Callebaut, Katia"]
[Black "Chazeau, Laineur Lothaire"]
[Result "0-1"]
[WhiteElo "1253"]
[BlackElo "1651"]
[PlyCount "98"]
[EventDate "2018.07.14"]
[EventType "swiss"]
[EventRounds "9"]
[EventCountry "FRA"]
[SourceTitle "CBM 185 Extra"]
[Source "ChessBase"]
[SourceDate "2018.07.29"]
[SourceVersion "1"]
[SourceVersionDate "2018.07.29"]
[SourceQuality "1"]

1. e4 g6 2. Nf3 Bg7 3. d4 d6 4. Be3 a6 5. a4 e6 6. Bc4 Ne7 7. c3 0-0 8. 0-0 h6 9. b4 b6 10. d5 e5 11. b5 a5 12. h3 Bb7 13. Qd2 Kh7 14. g4 f6 15. Nh4 Nd7 16. Kh2 Rf7 17. f3 Qf8 18. Bd3 Rd8 19. c4 Bc8 20. Nc3 Nc5 21. Bc2 f5 22. Nxg6 Nxg6 23. exf5 Kh8 24. fxg6 Rxf3 25. Rf2 e4 26. Raf1 Be5+ 27. Kg2 Rg3+ 28. Kh2 Rxe3+ 29. Kg1 Rg3+ 30. Kh1 Rxh3+ 31. Kg1 Rg3+ 32. Kh1 Rf3 33. Nxe4 Rh3+ 34. Kg1 Qe7 35. Nf6 Bxf6 36. Rxf6 Bxg4 37. Kg2 Ne4 38. g7+ Qxg7 39. Bxe4 Bf5+ 40. Kf2 Qxf6 41. Qf4 Qb2+ 42. Ke1 Bxe4 43. c5 Qc3+ 44. Qd2 Re3+ 45. Kd1 Rd3 46. Rf2 Rxd2+ 47. Rxd2 Bf3+ 48. Ke1 Qe3+ 49. Re2 Qxe2# 0-1